| 000 | 00370 a2200121 4500 | ||
|---|---|---|---|
| 001 | ART_22281 | ||
| 005 | 20260410161928.0 | ||
| 008 | 260409a | ||
| 245 | 1 | 0 | _aLa "actualización" de la verdad a 30 años de CONADEP |
| 100 | 1 | _aVarsky, Carolina | |
| 700 | 1 | _aBalardini, Lorena | |
| 773 | 0 |
_tDerechos humanos _g- Año II, Nº 4 (nov. 2013) _wREV22278 |
|
| 999 |
_c28316 _d28316 |
||